[Event "Moscow Aeroflot op-A"]
[Site "Moscow"]
[Date "2024.03.04"]
[Round "3"]
[White "Efremov, Vladislav"]
[Black "Tsvetkov, Andrey1"]
[Result "0-1"]
[WhiteElo "2281"]
[BlackElo "2424"]
[PlyCount "91"]
[EventDate "2024.03.03"]
[EventType "swiss"]
[EventRounds "9"]
[EventCountry "RUS"]
[SourceTitle "CBM 219 Extra"]
[Source "ChessBase"]
[SourceDate "2024.05.31"]
[SourceVersion "1"]
[SourceVersionDate "2024.05.31"]
[SourceQuality "1"]

1. Nf3 d5 2. g3 c6 3. Bg2 Bg4 4. c4 e6 5. Qb3 Qb6 6. d4 Nd7 7. 0-0 Be7 8. Rd1 Ngf6 9. c5 Qa6 10. h3 Bh5 11. Nc3 b6 12. cxb6 axb6 13. g4 Bg6 14. Nh4 0-0 15. Nxg6 hxg6 16. Bf4 Rfc8 17. a4 Qa5 18. g5 Ne8 19. e4 Nd6 20. Qc2 dxe4 21. Nxe4 Nf5 22. Bd2 Bb4 23. b3 Ra7 24. Bxb4 Qxb4 25. Qc3 Qe7 26. b4 Rca8 27. a5 Qd8 28. Qxc6 bxa5 29. Nc5 Rc8 30. Nb7 Qe8 31. Qb5 a4 32. Rxa4 Rxa4 33. Qxa4 Qe7 34. Nc5 Nb6 35. Qa6 Rb8 36. Qe2 Qxg5 37. Qe5 Re8 38. b5 Nd5 39. Ne4 Qh5 40. Re1 f6 41. Qh2 Nxd4 42. Nd6 Rd8 43. Nb7 Rc8 44. Qd6 Qg5 45. h4 Qg4 46. Kf1 0-1

[Event "Moscow Aeroflot op-A"]
[Site "Moscow"]
[Date "2024.03.03"]
[Round "1"]
[White "Efremov, Vladislav"]
[Black "Lavrik, Dmitry"]
[Result "1/2-1/2"]
[WhiteElo "2281"]
[BlackElo "2421"]
[PlyCount "54"]
[EventDate "2024.03.03"]
[EventType "swiss"]
[EventRounds "9"]
[EventCountry "RUS"]
[SourceTitle "CBM 219 Extra"]
[Source "ChessBase"]
[SourceDate "2024.05.31"]
[SourceVersion "1"]
[SourceVersionDate "2024.05.31"]
[SourceQuality "1"]

1. Nf3 Nf6 2. g3 d5 3. Bg2 c5 4. c4 d4 5. b4 cxb4 6. a3 b3 7. Qxb3 Nc6 8. d3 e5 9. Bg5 Qa5+ 10. Bd2 Qc7 11. Bb4 Nxb4 12. axb4 a5 13. bxa5 Rxa5 14. Ra2 b5 15. Nbd2 bxc4 16. Nxc4 Rxa2 17. Qxa2 Bb4+ 18. Nfd2 0-0 19. 0-0 Be6 20. Rb1 Bxd2 21. Qxd2 Bxc4 22. Rc1 Rb8 23. dxc4 Qc5 24. e3 Rb3 25. exd4 exd4 26. Rd1 Qxc4 27. Qxd4 Qxd4 1/2-1/2

[Event "Moscow-ch op Superfinal"]
[Site "Ershovo"]
[Date "2024.02.24"]
[Round "2"]
[White "Efremov, Vladislav"]
[Black "Sheremetev, Vladislav"]
[Result "1-0"]
[WhiteElo "2281"]
[BlackElo "1983"]
[PlyCount "151"]
[EventDate "2024.02.23"]
[EventType "swiss"]
[EventRounds "10"]
[EventCountry "RUS"]
[SourceTitle "CBM 219 Extra"]
[Source "ChessBase"]
[SourceDate "2024.05.31"]
[SourceVersion "1"]
[SourceVersionDate "2024.05.31"]
[SourceQuality "1"]

1. d4 Nf6 2. c4 e6 3. Nf3 Bb4+ 4. Bd2 Qe7 5. g3 Nc6 6. Nc3 Bxc3 7. Bxc3 Ne4 8. Qc2 Nxc3 9. Qxc3 Qb4 10. Rc1 b6 11. Bg2 Bb7 12. d5 exd5 13. Qxb4 Nxb4 14. a3 Na6 15. Nd4 c6 16. cxd5 cxd5 17. Nf5 Kf8 18. b4 Bc6 19. 0-0 Nc7 20. Nd4 Ne6 21. Nxc6 dxc6 22. Rxc6 Rd8 23. Rd1 d4 24. Bh3 Ng5 25. Bf5 g6 26. h4 gxf5 27. hxg5 Kg7 28. Rc7 Rhe8 29. Kf1 a5 30. bxa5 bxa5 31. Rc5 Kg6 32. Rd3 Rc8 33. Rxa5 Rc2 34. Rxd4 Rcxe2 35. Rdd5 Re1+ 36. Kg2 Kxg5 37. Rxf5+ Kg6 38. g4 f6 39. a4 R8e4 40. f3 R4e2+ 41. Kg3 Rg1+ 42. Kf4 Re6 43. Ra7 Rc6 44. Rd5 Rc4+ 45. Ke3 Rf1 46. Ke2 Rcc1 47. Rf5 Rce1+ 48. Kd3 Re6 49. a5 Ra1 50. Rc7 Ra4 51. Rc4 Ra3+ 52. Rc3 Ra4 53. Rb3 Rd6+ 54. Kc3 Ra1 55. Kc4 Ra6 56. Kb4 Ra8 57. Rb5 Kf7 58. Ra3 Rb1+ 59. Ka4 Rd1 60. Rb6 Ke7 61. a6 Rd5 62. Kb4 f5 63. gxf5 Rxf5 64. a7 Rff8 65. Kb5 Kd7 66. Rd3+ Ke7 67. Rb7+ Ke6 68. Rxh7 Rac8 69. Rh6+ Ke5 70. Ra3 Kd5 71. Kb6 Rce8 72. Rh7 Kc4 73. Rh4+ Kd5 74. Rd3+ Ke6 75. Re4+ Kf5 76. Rxe8 1-0

[Event "Baku Jafarov Memorial"]
[Site "Baku"]
[Date "2024.01.09"]
[Round "8"]
[White "Efremov, Vladislav"]
[Black "Aliyev, Ravan"]
[Result "0-1"]
[WhiteElo "2296"]
[BlackElo "2311"]
[PlyCount "82"]
[EventDate "2024.01.04"]
[EventType "tourn"]
[EventRounds "9"]
[EventCountry "AZE"]
[EventCategory "6"]
[SourceTitle "CBM 218 Extra"]
[Source "ChessBase"]
[SourceDate "2024.03.31"]
[SourceVersion "1"]
[SourceVersionDate "2024.03.31"]
[SourceQuality "1"]

1. d4 g6 2. e4 Bg7 3. Nf3 d6 4. c3 Nf6 5. Bd3 0-0 6. 0-0 Nbd7 7. Nbd2 e5 8. Re1 b6 9. a4 a5 10. Nc4 Re8 11. d5 Ba6 12. Na3 Bxd3 13. Qxd3 Nc5 14. Qc2 Qd7 15. Nc4 b5 16. axb5 Qxb5 17. Na3 Qb7 18. Rb1 a4 19. Bg5 Nfd7 20. h4 Reb8 21. Red1 Nf6 22. Bxf6 Bxf6 23. h5 Qc8 24. Nh2 Qd7 25. Qe2 Bg7 26. Nf1 Rf8 27. Nc2 Bh6 28. Nb4 Rab8 29. Ng3 Bf4 30. Nd3 Nxd3 31. Rxd3 Rb3 32. c4 Rfb8 33. Rxb3 Rxb3 34. Nf1 a3 35. Qc2 a2 36. Ra1 Qa4 37. hxg6 hxg6 38. Ne3 Bxe3 39. fxe3 Qb4 40. Rxa2 Qe1+ 41. Kh2 Rxe3 0-1

[Event "Baku Jafarov Memorial"]
[Site "Baku"]
[Date "2024.01.05"]
[Round "3"]
[White "Efremov, Vladislav"]
[Black "Shanava, Konstantine"]
[Result "1/2-1/2"]
[WhiteElo "2296"]
[BlackElo "2459"]
[PlyCount "57"]
[EventDate "2024.01.04"]
[EventType "tourn"]
[EventRounds "9"]
[EventCountry "AZE"]
[EventCategory "6"]
[SourceTitle "CBM 218 Extra"]
[Source "ChessBase"]
[SourceDate "2024.03.31"]
[SourceVersion "1"]
[SourceVersionDate "2024.03.31"]
[SourceQuality "1"]

1. d4 d6 2. e4 g6 3. Nf3 Bg7 4. c3 Nf6 5. Bd3 0-0 6. 0-0 Nc6 7. Nbd2 e5 8. Re1 Nh5 9. d5 Nb8 10. c4 a5 11. c5 dxc5 12. Nc4 Bg4 13. Be2 Nd7 14. Bg5 Qb8 15. Qd2 Nf4 16. Bxf4 exf4 17. e5 b5 18. Nxa5 Rxa5 19. Qxa5 Bxf3 20. Bxf3 Nxe5 21. Be2 c4 22. Qd2 g5 23. Rac1 Qb6 24. b3 f3 25. gxf3 Qh6 26. bxc4 bxc4 27. Kg2 Ng6 28. Rxc4 Be5 29. h3 1/2-1/2

[Event "Titled Tuesday intern op 21st Nov Late"]
[Site "Chess.com INT"]
[Date "2023.11.21"]
[Round "1"]
[White "Efremov, Vladislav"]
[Black "Trost, Edvin"]
[Result "0-1"]
[WhiteElo "2296"]
[BlackElo "2440"]
[PlyCount "34"]
[EventDate "2023.11.21"]
[EventType "swiss (blitz)"]
[EventRounds "11"]
[EventCountry "USA"]
[SourceTitle "EXT 2025"]
[Source "ChessBase"]
[SourceDate "2024.10.14"]
[SourceVersion "1"]
[SourceVersionDate "2024.10.14"]
[SourceQuality "1"]

1. d4 Nf6 2. c4 e6 3. Bf4 b6 4. Nc3 Bb7 5. e3 Bb4 6. Nge2 0-0 7. a3 Be7 8. d5 d6 9. e4 exd5 10. cxd5 c6 11. Ng3 cxd5 12. exd5 Na6 13. Be2 Nc7 14. Bf3 Re8 15. 0-0 Bf8 16. Qd2 Qd7 17. Rad1 h6 0-1

[Event "Titled Tuesday intern op 10th Oct Early"]
[Site "Chess.com INT"]
[Date "2023.10.10"]
[Round "4"]
[White "Efremov, Vladislav"]
[Black "Abbasi Abeluie, Mohammad Mehdi"]
[Result "1-0"]
[WhiteElo "2296"]
[BlackElo "2091"]
[PlyCount "51"]
[EventDate "2023.10.10"]
[EventType "swiss (blitz)"]
[EventRounds "11"]
[EventCountry "USA"]
[SourceTitle "EXT 2025"]
[Source "ChessBase"]
[SourceDate "2024.10.14"]
[SourceVersion "1"]
[SourceVersionDate "2024.10.14"]
[SourceQuality "1"]

1. e4 c6 2. d4 d5 3. e5 c5 4. dxc5 e6 5. a3 Bxc5 6. b4 Be7 7. Nf3 a5 8. b5 Nd7 9. Bb2 f6 10. Nbd2 Nh6 11. Bd3 Nf7 12. exf6 Bxf6 13. Bxf6 Qxf6 14. 0-0 e5 15. c4 e4 16. cxd5 exf3 17. Re1+ Kf8 18. Ne4 Qg6 19. Ng3 Qf6 20. Re6 Qg5 21. Qxf3 Nde5 22. Qe4 Bxe6 23. dxe6 Nd6 24. Qd5 Rd8 25. f4 Nef7 26. fxg5 1-0

[Event "Titled Tuesday intern op 10th Oct Early"]
[Site "Chess.com INT"]
[Date "2023.10.10"]
[Round "10"]
[White "Efremov, Vladislav"]
[Black "Degenbaev, Aziz"]
[Result "0-1"]
[WhiteElo "2296"]
[BlackElo "2242"]
[PlyCount "94"]
[EventDate "2023.10.10"]
[EventType "swiss (blitz)"]
[EventRounds "11"]
[EventCountry "USA"]
[SourceTitle "EXT 2025"]
[Source "ChessBase"]
[SourceDate "2024.10.14"]
[SourceVersion "1"]
[SourceVersionDate "2024.10.14"]
[SourceQuality "1"]

1. e4 e6 2. d4 d5 3. e5 c5 4. c3 Nc6 5. Nf3 Bd7 6. Be2 f6 7. 0-0 fxe5 8. Nxe5 Nxe5 9. dxe5 Qc7 10. c4 d4 11. Bd3 0-0-0 12. Re1 Nh6 13. Nd2 Nf7 14. Nf3 Be7 15. h4 Rdg8 16. b4 g5 17. hxg5 Nxg5 18. Bxg5 Bxg5 19. bxc5 Be7 20. Be4 Bxc5 21. Rb1 Bc6 22. Qd3 Rg4 23. Rb5 Bxb5 24. cxb5 Kb8 25. Rc1 Qb6 26. a4 Be7 27. Nd2 Qa5 28. Bf3 Rg7 29. Nb3 Qxa4 30. Ra1 Qb4 31. Na5 Bd8 32. Nc4 Qc3 33. Qf1 Qxf3 34. Ra3 Qd5 35. Nd6 Qxe5 36. Nc4 Qc5 37. Qd3 Rhg8 38. g3 Bc7 39. b6 Bxb6 40. Rb3 Bc7 41. Qe4 Qd5 42. Qe2 Bxg3 43. fxg3 Rxg3+ 44. Rxg3 Rxg3+ 45. Kh2 Rg5 46. Nd2 Rh5+ 47. Kg3 Qg5+ 0-1

[Event "Titled Tuesday intern op 10th Oct Early"]
[Site "Chess.com INT"]
[Date "2023.10.10"]
[Round "8"]
[White "Nagare, Kaivalya Sandip"]
[Black "Efremov, Vladislav"]
[Result "1-0"]
[WhiteElo "2095"]
[BlackElo "2296"]
[PlyCount "53"]
[EventDate "2023.10.10"]
[EventType "swiss (blitz)"]
[EventRounds "11"]
[EventCountry "USA"]
[SourceTitle "EXT 2025"]
[Source "ChessBase"]
[SourceDate "2024.10.14"]
[SourceVersion "1"]
[SourceVersionDate "2024.10.14"]
[SourceQuality "1"]

1. e4 c5 2. Nf3 d6 3. d4 cxd4 4. Nxd4 Nf6 5. Nc3 a6 6. Bg5 e6 7. f4 h6 8. Bh4 Qb6 9. a3 Nbd7 10. Bf2 Qc7 11. Qf3 b5 12. 0-0-0 Rb8 13. Bd3 b4 14. axb4 Rxb4 15. Rhe1 Bb7 16. Nd5 exd5 17. exd5+ Kd8 18. Nc6+ Bxc6 19. dxc6 Nb6 20. c3 Ra4 21. g4 Be7 22. Rxe7 Kxe7 23. Qe3+ Kd8 24. Qxb6 Qxb6 25. Bxb6+ Kc8 26. Bf5+ Kb8 27. Rxd6 1-0

[Event "Titled Tuesday intern op 10th Oct Late"]
[Site "Chess.com INT"]
[Date "2023.10.10"]
[Round "1"]
[White "Popilski, Gil"]
[Black "Efremov, Vladislav"]
[Result "1-0"]
[WhiteElo "2445"]
[BlackElo "2296"]
[PlyCount "115"]
[EventDate "2023.10.10"]
[EventType "swiss (blitz)"]
[EventRounds "11"]
[EventCountry "USA"]
[SourceTitle "EXT 2025"]
[Source "ChessBase"]
[SourceDate "2024.10.14"]
[SourceVersion "1"]
[SourceVersionDate "2024.10.14"]
[SourceQuality "1"]

1. e4 c5 2. Nf3 e6 3. d4 cxd4 4. Nxd4 Nf6 5. Nc3 Nc6 6. a3 d5 7. exd5 exd5 8. Bb5 Bd7 9. 0-0 Be7 10. Re1 0-0 11. Bf4 a6 12. Ba4 Bc5 13. Be3 Qb6 14. Bxc6 Bxc6 15. b4 Bxd4 16. Bxd4 Qd8 17. Qf3 Ne4 18. Rad1 Qd7 19. Nxe4 dxe4 20. Qg3 f5 21. Bc5 f4 22. Qb3+ Qf7 23. Bxf8 Qxb3 24. cxb3 Rxf8 25. a4 Rf5 26. Rd4 Rg5 27. Kf1 Rh5 28. h3 f3 29. gxf3 exf3 30. h4 Rd5 31. Rxd5 Bxd5 32. Re7 Bxb3 33. a5 Bd5 34. Ke1 Kf8 35. Rc7 h6 36. Kd2 g5 37. hxg5 hxg5 38. Ke3 Bc6 39. Kd4 g4 40. Ke3 Ke8 41. Kf4 Kd8 42. Rxc6 bxc6 43. Kxg4 Kd7 44. Kxf3 c5 45. bxc5 Kc6 46. Ke4 Kxc5 47. f4 Kb5 48. Kd5 Kxa5 49. Kc5 Ka4 50. f5 a5 51. f6 Kb3 52. f7 a4 53. f8Q a3 54. Qf3+ Kb2 55. Kb4 a2 56. Qe2+ Kb1 57. Kb3 a1Q 58. Qc2# 1-0

[Event "Titled Tuesday intern op 03rd Oct Late"]
[Site "Chess.com INT"]
[Date "2023.10.03"]
[Round "2"]
[White "Efremov, Vladislav"]
[Black "Derraugh, Geordie"]
[Result "0-1"]
[WhiteElo "2296"]
[BlackElo "2189"]
[PlyCount "142"]
[EventDate "2023.10.03"]
[EventType "swiss (blitz)"]
[EventRounds "11"]
[EventCountry "USA"]
[SourceTitle "EXT 2025"]
[Source "ChessBase"]
[SourceDate "2024.10.14"]
[SourceVersion "1"]
[SourceVersionDate "2024.10.14"]
[SourceQuality "1"]

1. d4 Nf6 2. c4 e5 3. dxe5 Ng4 4. Bf4 Nc6 5. Nf3 Bb4+ 6. Nbd2 Qe7 7. a3 Ngxe5 8. Nxe5 Nxe5 9. e3 Bxd2+ 10. Qxd2 d6 11. Be2 0-0 12. 0-0 Ng6 13. Bg3 b6 14. Bf3 Rb8 15. Rac1 f5 16. b4 Rd8 17. Rfe1 Be6 18. e4 Qf6 19. exf5 Bxf5 20. Re2 Ne5 21. Bd5+ Kh8 22. Rce1 c6 23. Rxe5 dxe5 24. Bxe5 Qf8 25. Bxb8 cxd5 26. Bg3 dxc4 27. Qc3 Bd3 28. Be5 Kg8 29. Re3 Rd7 30. Rg3 Rf7 31. h4 b5 32. h5 h6 33. Kh2 Qe7 34. Qd4 Kh7 35. Kg1 Bf5 36. f4 Qd7 37. Bd6 Bg4 38. Qd5 Rf5 39. Qd4 Rxh5 40. Qe4+ Bf5 41. Qe2 Rh4 42. Qe5 Rh5 43. Kf2 Qf7 44. Bc5 a6 45. Bd4 Bg6 46. Qe3 Rf5 47. Rf3 Bh5 48. Be5 Bxf3 49. Qxf3 Qg6 50. g4 Rf7 51. f5 Qg5 52. Bf4 Qh4+ 53. Ke3 Qd8 54. Qe4 Re7 55. Be5 Kg8 56. f6 gxf6 57. Qg6+ Rg7 58. Qxh6 fxe5 59. Qe6+ Rf7 60. Qg6+ Kf8 61. Qh6+ Ke8 62. Qe6+ Re7 63. Qg6+ Kd7 64. Qxa6 Qc7 65. Qxb5+ Qc6 66. Qb8 c3 67. b5 Qc5+ 68. Ke4 c2 69. Qb7+ Ke6 70. Qa6+ Kf7 71. Qg6+ Kxg6 0-1

[Event "Titled Tuesday intern op 12th Sep Late"]
[Site "Chess.com INT"]
[Date "2023.09.12"]
[Round "5"]
[White "Efremov, Vladislav"]
[Black "Cagara, Paulina"]
[Result "0-1"]
[WhiteElo "2296"]
[BlackElo "2085"]
[PlyCount "158"]
[EventDate "2023.09.12"]
[EventType "swiss (blitz)"]
[EventRounds "11"]
[EventCountry "USA"]
[SourceTitle "EXT 2024"]
[Source "ChessBase"]
[SourceDate "2023.10.10"]
[SourceVersion "1"]
[SourceVersionDate "2023.10.10"]
[SourceQuality "1"]

1. e4 c6 2. d4 d5 3. e5 c5 4. dxc5 e6 5. Nf3 Bxc5 6. a3 a5 7. Bd3 Ne7 8. 0-0 Ng6 9. Re1 Nc6 10. Nc3 0-0 11. Nb5 b6 12. b3 Ba6 13. Bb2 Bxb5 14. Bxb5 Qc7 15. Qd2 Rfd8 16. h4 d4 17. h5 Nge7 18. Bd3 Nf5 19. Bxf5 exf5 20. Qg5 g6 21. Qf6 Be7 22. hxg6 Bxf6 23. gxh7+ Kh8 24. exf6 Qf4 25. Bc1 Qg4 26. Ng5 Rf8 27. f3 Qg3 28. Bd2 f4 29. Nh3 Kxh7 30. Bxf4 Qg6 31. Kf2 Qxf6 32. Rh1 Kg6 33. Rae1 Rae8 34. Rd1 Qh4+ 35. g3 Qe7 36. Ng1 Rh8 37. Rxh8 Rxh8 38. Re1 Qc5 39. Kf1 Rh1 40. Kg2 Rh7 41. Re2 f6 42. Bc1 Ne5 43. Nh3 Rxh3 44. Kxh3 Nxf3 45. Kg2 Qc6 46. Kf2 Ne5 47. Bf4 Qf3+ 48. Ke1 Qh1+ 49. Kd2 Nf3+ 50. Kd3 Qd1+ 51. Bd2 Nxd2 52. Rxd2 Qf1+ 53. Kxd4 f5 54. Rd3 Kg5 55. Kc3 Qf2 56. b4 axb4+ 57. axb4 Qe1+ 58. Kb3 Qb1+ 59. Kc3 b5 60. Re3 Qa1+ 61. Kb3 Qb1+ 62. Kc3 Qa2 63. Rd3 Qa3+ 64. Kd2 Qxb4+ 65. Ke2 Qc4 66. Kd2 b4 67. Rb3 Kg4 68. Rd3 Qe4 69. Kc1 Qe1+ 70. Kb2 Qxg3 71. Rd4+ f4 72. Rxb4 Qe1 73. Rb8 Qe5+ 74. c3 Qxb8+ 75. Kc2 Qc7 76. Kd2 f3 77. Ke1 Kg3 78. Kf1 Qxc3 79. Kg1 Qe1# 0-1

[Event "Titled Tuesday intern op 22nd Aug Early"]
[Site "Chess.com INT"]
[Date "2023.08.22"]
[Round "7"]
[White "Efremov, Vladislav"]
[Black "Kula, Robert"]
[Result "1-0"]
[WhiteElo "2349"]
[BlackElo "2284"]
[PlyCount "91"]
[EventDate "2023.08.22"]
[EventType "swiss (blitz)"]
[EventRounds "11"]
[EventCountry "USA"]
[SourceTitle "EXT 2024"]
[Source "ChessBase"]
[SourceDate "2023.10.10"]
[SourceVersion "1"]
[SourceVersionDate "2023.10.10"]
[SourceQuality "1"]

1. e4 c6 2. d4 g6 3. Nc3 Bg7 4. Be3 Nf6 5. Qd2 0-0 6. f3 d5 7. e5 Nfd7 8. Bh6 e6 9. h4 c5 10. dxc5 Nxc5 11. h5 Qe7 12. hxg6 fxg6 13. Bxg7 Qxg7 14. f4 Nc6 15. Nf3 Bd7 16. 0-0-0 Rad8 17. Bd3 Nxd3+ 18. cxd3 Rc8 19. Kb1 a5 20. d4 Rf5 21. g4 Rff8 22. Nb5 Nxe5 23. Nxe5 Bxb5 24. Qxa5 Ba6 25. Qb6 Rce8 26. f5 exf5 27. Qc5 Rd8 28. gxf5 Rxf5 29. Rh2 Qf8 30. Qxf8+ Rdxf8 31. Rdh1 Rf1+ 32. Kc2 R8f2+ 33. Rxf2 Rxf2+ 34. Kc3 Rf3+ 35. Kb4 Rf2 36. Kc3 Kg7 37. a4 h5 38. Rg1 Rf6 39. b4 b6 40. b5 Bc8 41. Kb4 Kh6 42. a5 bxa5+ 43. Kxa5 g5 44. b6 g4 45. Kb5 Kg5 46. Kc5 1-0

[Event "Titled Tuesday intern op 15th Aug Early"]
[Site "Chess.com INT"]
[Date "2023.08.15"]
[Round "10"]
[White "Efremov, Vladislav"]
[Black "Bilan, Danila"]
[Result "1-0"]
[WhiteElo "2349"]
[BlackElo "2303"]
[PlyCount "67"]
[EventDate "2023.08.15"]
[EventType "swiss (blitz)"]
[EventRounds "11"]
[EventCountry "USA"]
[SourceTitle "EXT 2024"]
[Source "ChessBase"]
[SourceDate "2023.10.10"]
[SourceVersion "1"]
[SourceVersionDate "2023.10.10"]
[SourceQuality "1"]

1. d4 d5 2. c4 c6 3. cxd5 cxd5 4. Nc3 Nf6 5. Nf3 Nc6 6. Bf4 Bf5 7. e3 e6 8. Bd3 Bg6 9. 0-0 Bd6 10. Bg3 0-0 11. Bxg6 hxg6 12. Bxd6 Qxd6 13. Rc1 Rfc8 14. Na4 Ne4 15. Nc5 Nxc5 16. Rxc5 Rc7 17. Qd2 Rac8 18. Rfc1 b6 19. R5c2 Na5 20. b3 Rxc2 21. Rxc2 Rxc2 22. Qxc2 Nc6 23. h3 Ne7 24. Ne5 g5 25. a4 f6 26. Nf3 Nc6 27. g4 Kf7 28. Kg2 Ne7 29. h4 gxh4 30. Qh7 Qc6 31. Qh5+ Kg8 32. g5 fxg5 33. Nxg5 Nf5 34. Qf7+ 1-0

[Event "Titled Tuesday intern op 15th Aug Early"]
[Site "Chess.com INT"]
[Date "2023.08.15"]
[Round "3"]
[White "Sanhueza, Cristian"]
[Black "Efremov, Vladislav"]
[Result "0-1"]
[WhiteElo "2215"]
[BlackElo "2349"]
[PlyCount "76"]
[EventDate "2023.08.15"]
[EventType "swiss (blitz)"]
[EventRounds "11"]
[EventCountry "USA"]
[SourceTitle "EXT 2024"]
[Source "ChessBase"]
[SourceDate "2023.10.10"]
[SourceVersion "1"]
[SourceVersionDate "2023.10.10"]
[SourceQuality "1"]

1. e4 c5 2. Nf3 d6 3. d4 cxd4 4. Nxd4 Nf6 5. Nc3 a6 6. Be3 e6 7. g4 d5 8. exd5 Nxd5 9. Nxd5 Qxd5 10. Qf3 Qxf3 11. Nxf3 Nc6 12. 0-0-0 e5 13. Rg1 Be7 14. Bc4 0-0 15. h4 Rd8 16. Bb6 Rxd1+ 17. Kxd1 e4 18. Ng5 Ne5 19. Be2 h6 20. Nxe4 Bxh4 21. f4 Nxg4 22. Rxg4 Bxg4 23. Bxg4 g6 24. f5 h5 25. Bh3 Re8 26. Nd6 Re1+ 27. Kd2 Rh1 28. fxg6 Rh2+ 29. Kd1 Rxh3 30. gxf7+ Kf8 31. Bc5 Be7 32. Nxb7 Bxc5 33. Nxc5 Kxf7 34. Ne4 Re3 35. Nf2 h4 36. Kd2 Rg3 37. Ke2 h3 38. c4 h2 0-1

[Event "Titled Tuesday intern op 15th Aug Early"]
[Site "Chess.com INT"]
[Date "2023.08.15"]
[Round "9"]
[White "Souleidis, Georgios"]
[Black "Efremov, Vladislav"]
[Result "1-0"]
[WhiteElo "2419"]
[BlackElo "2349"]
[PlyCount "83"]
[EventDate "2023.08.15"]
[EventType "swiss (blitz)"]
[EventRounds "11"]
[EventCountry "USA"]
[SourceTitle "EXT 2024"]
[Source "ChessBase"]
[SourceDate "2023.10.10"]
[SourceVersion "1"]
[SourceVersionDate "2023.10.10"]
[SourceQuality "1"]

1. e4 c5 2. Be2 Nc6 3. d3 g6 4. f4 Bg7 5. Nf3 e6 6. 0-0 Nge7 7. c3 0-0 8. Be3 b6 9. d4 cxd4 10. cxd4 d5 11. e5 Bd7 12. Qd2 Rc8 13. Nc3 Na5 14. b3 Re8 15. g4 h6 16. Rac1 Nec6 17. f5 exf5 18. gxf5 Bxf5 19. Bxh6 Bh8 20. Bg5 Qd7 21. Nh4 Be4 22. Qe3 Nxd4 23. Qxd4 Bxe5 24. Qe3 d4 25. Qxe4 Bxh2+ 26. Kxh2 Rxe4 27. Nxe4 Rc6 28. Rxc6 Qxc6 29. Bf3 Qc7+ 30. Kh1 Nc6 31. Rc1 Qe5 32. Rxc6 f5 33. Rxg6+ Kf7 34. Rf6+ Ke8 35. Nxf5 d3 36. Re6+ Qxe6 37. Ng7+ Kf7 38. Nxe6 Kxe6 39. Nd2 Ke5 40. Be3 Kd6 41. Kg2 Ke5 42. Kg3 1-0

[Event "Arandjelovac op 2nd"]
[Site "Arandjelovac"]
[Date "2023.08.03"]
[Round "6"]
[White "Efremov, Vladislav"]
[Black "Akshit, Kumar J"]
[Result "1-0"]
[WhiteElo "2349"]
[BlackElo "2169"]
[PlyCount "70"]
[EventDate "2023.07.31"]
[EventType "swiss"]
[EventRounds "9"]
[EventCountry "SRB"]
[SourceTitle "CBM 215 Extra"]
[Source "ChessBase"]
[SourceDate "2023.09.30"]
[SourceVersion "1"]
[SourceVersionDate "2023.09.30"]
[SourceQuality "1"]

1. d4 d5 2. c4 c6 3. Nf3 Nf6 4. Nc3 e6 5. e3 Nbd7 6. Qc2 Bd6 7. Bd3 0-0 8. 0-0 dxc4 9. Bxc4 b5 10. Be2 Bb7 11. Rd1 Qc7 12. e4 e5 13. Bg5 exd4 14. Rxd4 Ne5 15. h3 Nxf3+ 16. Bxf3 Be5 17. Rd2 Rad8 18. Rad1 Rxd2 19. Qxd2 Re8 20. Be3 a5 21. Bc5 Bc8 22. Bd6 Qxd6 23. Qxd6 Bxd6 24. Rxd6 Bd7 25. Ne2 c5 26. Nf4 c4 27. Nd5 Nxd5 28. exd5 Bf5 29. Rb6 b4 30. Rc6 Rc8 31. Bg4 Bxg4 32. hxg4 Rd8 33. Rxc4 Kf8 34. Rc5 Ke8 35. Rxa5 Kd7 1-0

[Event "Arandjelovac op 2nd"]
[Site "Arandjelovac"]
[Date "2023.08.01"]
[Round "3"]
[White "Nagarkatte, Vedant"]
[Black "Efremov, Vladislav"]
[Result "1/2-1/2"]
[WhiteElo "2218"]
[BlackElo "2349"]
[PlyCount "78"]
[EventDate "2023.07.31"]
[EventType "swiss"]
[EventRounds "9"]
[EventCountry "SRB"]
[SourceTitle "CBM 215 Extra"]
[Source "ChessBase"]
[SourceDate "2023.09.30"]
[SourceVersion "1"]
[SourceVersionDate "2023.09.30"]
[SourceQuality "1"]

1. e4 c5 2. Nc3 Nc6 3. g3 g6 4. Bg2 Bg7 5. d3 d6 6. f4 e6 7. Nf3 Nge7 8. 0-0 0-0 9. Be3 Nd4 10. Bf2 e5 11. Nxd4 cxd4 12. Ne2 Bg4 13. h3 Be6 14. c3 dxc3 15. bxc3 d5 16. fxe5 Bxe5 17. d4 Bg7 18. Nf4 Qd7 19. Qb3 dxe4 20. Nxe6 Qxe6 21. Qxe6 fxe6 22. Bxe4 Rac8 23. Be1 Nd5 24. Rxf8+ Kxf8 25. Bxd5 exd5 26. Rb1 b6 27. Rb5 Rd8 28. Bd2 Bf6 29. a4 Rd7 30. a5 bxa5 31. Rxa5 Bd8 32. Ra6 Bb6 33. Kf2 Ke7 34. Bf4 Rb7 35. Ke3 Kd7 36. Kd3 Kc6 37. c4 dxc4+ 38. Kxc4 Rd7 39. Be5 Rf7 1/2-1/2

[Event "Belgrade Serbia op"]
[Site "Belgrade"]
[Date "2023.07.16"]
[Round "1"]
[White "Efremov, Vladislav"]
[Black "Zhukov, Anton"]
[Result "1/2-1/2"]
[WhiteElo "2356"]
[BlackElo "2215"]
[PlyCount "67"]
[EventDate "2023.07.16"]
[EventType "swiss"]
[EventRounds "9"]
[EventCountry "SRB"]
[SourceTitle "CBM 215 Extra"]
[Source "ChessBase"]
[SourceDate "2023.09.30"]
[SourceVersion "1"]
[SourceVersionDate "2023.09.30"]
[SourceQuality "1"]

1. e4 e6 2. d4 d5 3. Nd2 Nf6 4. e5 Nfd7 5. Bd3 c5 6. c3 Nc6 7. Ne2 Qb6 8. Nf3 cxd4 9. cxd4 f5 10. exf6 Nxf6 11. 0-0 Bd6 12. Bf4 Bxf4 13. Nxf4 0-0 14. Qd2 Kh8 15. Ng5 Nxd4 16. Bxh7 Nxh7 17. Ng6+ Kg8 18. Ne7+ Kh8 19. Ng6+ Kg8 20. Nxh7 Re8 21. Qg5 Kxh7 22. Qh5+ Kg8 23. Qh8+ Kf7 24. Ne5+ Ke7 25. Qxg7+ Kd8 26. Nf7+ Ke7 27. Ne5+ Kd8 28. Nf7+ Kd7 29. Ne5+ Kd8 30. Rac1 Nc6 31. Nf7+ Kd7 32. Ne5+ Kd8 33. Nf7+ Kd7 34. Ne5+ 1/2-1/2

[Event "Paracin op 16th"]
[Site "Paracin"]
[Date "2023.07.13"]
[Round "7"]
[White "Efremov, Vladislav"]
[Black "Wen, Tommy"]
[Result "1-0"]
[WhiteElo "2356"]
[BlackElo "2406"]
[PlyCount "39"]
[EventDate "2023.07.07"]
[EventType "swiss"]
[EventRounds "9"]
[EventCountry "SRB"]
[SourceTitle "EXT 2024"]
[Source "ChessBase"]
[SourceDate "2023.10.10"]
[SourceVersion "1"]
[SourceVersionDate "2023.10.10"]
[SourceQuality "1"]

1. d4 Nf6 2. c4 g6 3. Nc3 d5 4. Bg5 Bg7 5. Bxf6 Bxf6 6. cxd5 c5 7. dxc5 0-0 8. e4 Qa5 9. Rc1 Nd7 10. Nf3 Nxc5 11. e5 Bg7 12. Qd4 f6 13. Bb5 a6 14. Qxc5 axb5 15. b4 Qd8 16. 0-0 fxe5 17. Nxb5 Bd7 18. d6 Bf6 19. Nxe5 Rc8 20. dxe7 1-0